00450nam a22001697a 4500003000400000020001800004082001800022100002000040245007100060250000800131260003800139300000700177650003500184653002700219700001600246700001800262SGT a9789358425895 a617.522bA23P aPandey, Prabodh aAutologous platelet concentrates in Oral and Maxillofacial Surgery a1st aLucknow, IndiabBook Riversc2023 a83 aOral and Maxillofacial Surgery aplatelet concentration aArya, varun aSanjeev Kumar